Noncommutative Algebra

Na minha lista:
Detalhes bibliográficos
Main Authors: Farb, Benson (Author), Dennis, R.Keith (Author)
Formato: Livro
Idioma:inglês
Publicado em: New York : Springer Verlag, 1993
Assuntos:
Tags: Adicionar Tag
Sem tags, seja o primeiro a adicionar uma tag!

MARC

LEADER 00000nam a22000003a 4500
001 stu128082
005 20150617225908.1
008 061018s1993----xxu-----------------eng-d
020 |a 0-387-94057-X 
040 |a STU  |b slo 
041 0 |a eng 
044 |a xxu 
080 |a 512.647  |7 A000004957 
100 1 |a Farb, Benson  |4 aut 
245 1 |a Noncommutative Algebra 
260 |a New York :  |b Springer Verlag,  |c 1993 
300 |a 223 s 
650 7 |a algebra  |2 stusub 
700 1 |a Dennis, R.Keith  |4 aut 
996 |b 284EK86431  |c E*86431  |l EE23  |s P  |a 0  |w stu128082_0001